00325 2200133 4500001002100000005001500021035002000036245003000056100001800086260004300104082000800147084001400155990002200169INLIS00000000000244220250604102353 a0010-06250000281 aSergapan /cHarry Muslich0 aHarry Muslich aJakarta :bYayan Obor Indonesia,c1992 a800 a800 HAR s a983573 s/d 983576